A house called awful end / (Record no. 4604)
[ view plain ]
| 000 -LEADER | |
|---|---|
| fixed length control field | 01068nam a22002657a 4500 |
| 001 - CONTROL NUMBER | |
| control field | 4604 |
| 003 - CONTROL NUMBER IDENTIFIER | |
| control field | FISKH |
| 005 - DATE AND TIME OF LATEST TRANSACTION | |
| control field | 20240918090713.0 |
| 008 - FIXED-LENGTH DATA ELEMENTS--GENERAL INFORMATION | |
| fixed length control field | 240918b cb ||||| |||| 00| 0 eng d |
| 020 ## - INTERNATIONAL STANDARD BOOK NUMBER | |
| International Standard Book Number | 078073005994 |
| 040 ## - CATALOGING SOURCE | |
| Original cataloging agency | FISKH |
| Language of cataloging | eng |
| Transcribing agency | FISKH |
| Modifying agency | FISKH |
| 050 ## - LIBRARY OF CONGRESS CALL NUMBER | |
| Classification number | PZ7.A6776 |
| 082 ## - DEWEY DECIMAL CLASSIFICATION NUMBER | |
| Edition number | 823.914 |
| 100 ## - MAIN ENTRY--PERSONAL NAME | |
| Personal name | Ardagh, Philip |
| Dates associated with a name | 1961- |
| 245 ## - TITLE STATEMENT | |
| Title | A house called awful end / |
| Statement of responsibility, etc. | Philip Ardagh Illustrated by David Roberts |
| 250 ## - EDITION STATEMENT | |
| Edition statement | First paperback printing in 2003 |
| 260 ## - PUBLICATION, DISTRIBUTION, ETC. | |
| Place of publication, distribution, etc. | New York : |
| Name of publisher, distributor, etc. | Scholastic, |
| Date of publication, distribution, etc. | 2003. |
| 300 ## - PHYSICAL DESCRIPTION | |
| Extent | 133 pages : |
| Other physical details | illustrations ; |
| Dimensions | 20cm |
| 520 ## - SUMMARY, ETC. | |
| Summary, etc. | When eleven-year-old Eddie Dickens's ill parents become "a bit crinkly round the edges," he is taken by his great-uncle and great-aunt, Mad Uncle Jack and Mad Aunt Maude, and embarks on adventures that involve strolling actors, St. Horrid's Home for Grateful Orphans, and a carnival float shaped like a giant cow. |
| 650 ## - SUBJECT ADDED ENTRY--TOPICAL TERM | |
| Source of heading or term | Adventure |
| Topical term or geographic name entry element | Humor |
| Form subdivision | Humorous fiction |
| 650 ## - SUBJECT ADDED ENTRY--TOPICAL TERM | |
| Source of heading or term | Fantasy |
| Topical term or geographic name entry element | Series |
| 700 ## - ADDED ENTRY--PERSONAL NAME | |
| Personal name | Roberts, David |
| Dates associated with a name | Illustrator |
| 942 ## - ADDED ENTRY ELEMENTS (KOHA) | |
| Source of classification or shelving scheme | Dewey Decimal Classification |
| Koha item type | Books |
| Suppress in OPAC | No |
| Withdrawn status | Lost status | Source of classification or shelving scheme | Damaged status | Not for loan | Collection | Home library | Current library | Shelving location | Date acquired | Total Checkouts | Full call number | Barcode | Date last seen | Copy number | Price effective from | Koha item type |
|---|---|---|---|---|---|---|---|---|---|---|---|---|---|---|---|---|
| Dewey Decimal Classification | Fiction | Footprints International School Library Network Toul Kork Campus | Footprints International School Library Network Toul Kork Campus | TTP Secondary Fiction Bookshelves | 09/18/2024 | ARD 823.914 PZ7.A6776 | 2024-2000 | 09/18/2024 | 1 | 09/18/2024 | Books |
